000 00901nam a2200217 a 4500
001 000059841
003 AM-YEHGA
005 20250617121518.0
008 990126s1979 ru 0 0 rus u rus
040 _aAM-YeHGA
041 0 _arus
245 0 0 _aАрктические тундры и полярные пустыни Таймыра /
_cАН СССР. Ботанический ин-т им. В. Л. Комарова ; Отв. ред. В. Д. Александрова, Н. В. Матвеева.
260 0 _aЛенинград :
_bНаука. Ленингр. отд-ние,
_c1979.
300 _a208 с.
650 1 4 _aБиология
700 1 0 _aАлександрова, В. Д.
_eред.
_4edt
700 1 _aМатвеева, Н. В.
_eред.
_4edt
710 2 _aБотанический институт им. В. Л. Комарова АН СССР
942 _2udc
_cBK
090 _c17588
999 _c17450
_d17450